000 004490000a22001690004500
090 _aAR
_b01436
245 1 0 _aOrquídeas unisexuales
650 1 4 _aFlora
_992293
650 1 4 _aMorfología
_992917
650 1 4 _aTaxonomía
_992343
650 1 4 _aBotánica
_9361
651 4 _pVenezuela
_992749
041 0 _aEspañol
100 1 _aRomero, Gustavo A.
_994751
942 _cARTICULO
773 1 _tAnnals of the Missouri Botanical Garden
_3157
_q66-75
_d1988?
999 _c10520
_d10520